Guide to understanding and participating effectively in the eighth conference of the parties to the convention on biological diversity (COP8) (Registro nro. 5960)

Detalles MARC
000 -CABECERA
Campo de control 00783nam a2200229 a 4500
005 - FECHA Y HORA DE LA ULTIMA TRANSACCION
Campo de control 20180803165326.0
008 - ELEMENTOS DE LONGITUD FIJA—INFORMACION GENERAL
Campo de control 160118b2016 xxu||||gr|||| 00| 0 spa d
040 ## - FUENTE DE CATALOGACIÓN
Agencia catalogadora original CO-BoIAVH
Agencia transcriptora CO-BoIAVH
041 ## - IDIOMA
Código de idioma para texto/pista de sonido o título separado Inglés
082 #4 - NUMERO DE CLASIFICACION DECIMAL DEWEY
Número de clasificación 333.95
Número del ítem G87t
090 ## - CLASIFICACIÓN LOCAL
Colección LB
Consecutivo 05148
100 1# - ASIENTO PRINCIPAL--NOMBRE PERSONAL
Nombre personal Gross, Tony
9 (RLIN) 52033
245 1# - MENCION DE TITULO
Título Guide to understanding and participating effectively in the eighth conference of the parties to the convention on biological diversity (COP8)
260 ## - PUBLICACION, DISTRIBUCION, ETC. (PIE DE IMPRENTA)
Lugar de publicación, distribución, etc. Kuala Lumpur
Nombre del editor, distribuidor, etc. United Nations University
Fecha de publicación, distribución, etc. 2006
300 ## - DESCRIPCION FISICA
Extensión 69 paginas.
Dimensiones 25 x 17 cm.
650 #6 - ASIENTO SECUNDARIO DE MATERIA - TERMINO TEMATICO
Término temático o nombre geográfico como elemento de entrada Biodiversidad
9 (RLIN) 92204
650 #6 - ASIENTO SECUNDARIO DE MATERIA - TERMINO TEMATICO
Término temático o nombre geográfico como elemento de entrada recursos biológicos
9 (RLIN) 8551
650 ## - ASIENTO SECUNDARIO DE MATERIA - TERMINO TEMATICO
Término temático o nombre geográfico como elemento de entrada Obligaciones biologicas
9 (RLIN) 52041
700 1# - ASIENTO SECUNDARIO - NOMBRE PERSONAL
Nombre personal Johnston, Sam
9 (RLIN) 52034
700 1# - ASIENTO SECUNDARIO - NOMBRE PERSONAL
Nombre personal Barber, Charles Victor
9 (RLIN) 7506
942 ## - ELEMENTOS ADICIONALES (KOHA)
Tipo de ítem Libro
Sistema de clasificación Dewey Decimal Classification
Existencias
Withdrawn status Lost status Sistema de Clasificación Damaged status No para préstamo Colección Inventariado Ubicación Permanente Ubicación actual Fecha de adquisición Fuente de Valor Valor Total Checkouts Número topográfico Inventario / Código de Barras Date last seen Ejemplar Price effective from Forma de adquisición Tipo de material
    Dewey Decimal Classification     General Inventariado 2017 Bogotá Bogotá 26/11/2007 Instituto 20000.00   LB-333.95 G87t 025515 04/12/2012 Ej.1 04/12/2012   Libro